Sistema web de control de citas y expedientes de pacientes para el centro oftal,ológico Altamira (COA)- CONEXP
Presenta el desarrollo de un sistema web de información para el Centro Oftalmológico Altamira, con la implementación de este sistema se ayudó a mejorar cada uno de los procesos para el control de citas y gestión de los expedientes de pacientes atendidos en el COA.
| Main Authors: | , |
|---|---|
| Other Authors: | |
| Format: | Tesis Section = Libro |
| Language: | Undetermined Spanish |
| Published: |
Managua
UNI
2020
|
| Subjects: |
| LEADER | 01180nam a2200289Ia 4500 | ||
|---|---|---|---|
| 008 | 240830s9999 xx 000 0 und d | ||
| 040 | |a BIBLIOTECA-RUSB/ Mon 005.74 C352 | ||
| 041 | |a spa | ||
| 082 | |a Mon 005.74 C352 | ||
| 100 | 1 | |a Castillo Calderón, Helida Amparo | |
| 100 | 1 | |b Mojica Martínez, Rommel Javier | |
| 245 | 1 | 0 | |a Sistema web de control de citas y expedientes de pacientes para el centro oftal,ológico Altamira (COA)- CONEXP |
| 260 | |a Managua |b UNI |c 2020 | ||
| 300 | |a 74 p. :il. | ||
| 500 | |a Contiene: anexos y CD. | ||
| 502 | |a Tesis (Ingeniero en Computación) - UNI, 2020. | ||
| 520 | 3 | |a Presenta el desarrollo de un sistema web de información para el Centro Oftalmológico Altamira, con la implementación de este sistema se ayudó a mejorar cada uno de los procesos para el control de citas y gestión de los expedientes de pacientes atendidos en el COA. | |
| 650 | 7 | |a SISTEMA WEB | |
| 650 | 7 | |b CONTROL DE CITAS | |
| 650 | 7 | |c PACIENTES | |
| 650 | 7 | |d APLICACION WEB | |
| 650 | 7 | |e CONTROL AUTOMATIZADO | |
| 650 | 7 | |f BASES DE DATOS | |
| 700 | 1 | |a Tutor: |b Lacayo Saballos, Gabriel Rafael | |
| 942 | |c BK |2 ddc | ||
| 991 | |a TESIS | ||
| 999 | |c 19765 | ||